00578nam a2200193Ia 4500008004100000050001300041050001500054100002600069245008200095245002600177260003100203260001000234260001000244300001500254300002000269300001100289500005600300521002800356170504s9999 xx 000 0 und d aHG 1616  b.V713 2016 aVillafuerte, Alvin A. aProfiling of SISC college students tea drinkers' preferences and influences / cAlvin A. Villafuerte. aLas Piñas, Philippines : bSISC, c2016. a62 pages : billustrations ; c28 cm. aIncludes bibliographical references and appendices. aBusiness Administration